000 00488cab a2200181 4500
001 X3748
008 090401t1996 xxu||||| |||| 00| 0 eng d
035 _a(Sirsi) u32506
041 _aeng
245 _aParty Wall Act good news for homeowners
260 _c1996
350 _a0
490 _aCSM (Chartered Surveyor Monthly)
_v5(11) September 1996, 5(1)
650 _aPARTY WALL ETC ACT 1996
690 _aBUILT ENVIRONMENT-BUILDING INSPECTION
942 _n0
948 _c04/03/1997
999 _c21762
_d21762